Family Line- Conan Gray (Lyrics) - Statistics

General Stats
  • This quiz has been taken 53 times
  • The average score is 319 of 352
Answer Stats
Section Lyrics % Correct
a
100%
Verse 1 My
100%
my
100%
to
100%
all
97%
All
97%
And
97%
and
97%
but
97%
But
97%
family
97%
father
97%
Pre-Chorus I
97%
just
97%
line
97%
lot
97%
mother
97%
never
97%
of
97%
talked
97%
That
97%
that
97%
cry
95%
He
95%
kid?
95%
kid
95%
side
95%
So
95%
so
95%
the
95%
took
95%
anger
92%
block
92%
can
92%
from
92%
From
92%
his
92%
"I'm
92%
I'm
92%
lies
92%
me
92%
mother's
92%
She
92%
she
92%
sister's
92%
was
92%
wasn't
92%
when
92%
who
92%
around
90%
at
90%
came
90%
can't
90%
did
90%
do
90%
eyes
90%
father's
90%
fathers
90%
good
90%
have
90%
hide
90%
it
90%
it?
90%
kids"
90%
life"
90%
said
90%
take
90%
telling
90%
then
90%
'Til
90%
try
90%
walk
90%
child
87%
clueless
87%
'cross
87%
gave
87%
he'd
87%
him
87%
hit
87%
I'll
87%
leave
87%
million
87%
Bridge Oh
87%
oh
87%
ones
87%
punches
87%
run
87%
survive
87%
"They're
87%
Told
87%
am
85%
cried
85%
excuses
85%
fought
85%
hold
85%
leaving
85%
love
85%
loves
85%
parents'
85%
say
85%
Chorus Scattered
85%
(Someone
85%
this
85%
this)
85%
undo
85%
would
85%
wouldn't
85%
you
85%
erase
82%
pain
82%
what
82%
your
82%
could
79%
God
79%
little
79%
now
79%
truly
79%
(We
79%
'Cause
77%
change
77%
deserve
77%
How
77%
hurt
77%
not
77%
past
77%
same
77%
same)
77%
see
77%
their
77%
tried
77%
are
74%
even
74%
everyone
74%
forget
74%
forgive
74%
girls
74%
scared
74%
will
74%
with
74%
wonder
74%
always
72%
last
72%
name
72%
share
72%
watch
72%
words
72%
face
69%
holidays
69%
Verse 2 It's
69%
Might
69%
put
67%
hard
64%
into
64%
Mm
21%
No matching quizzes found
Score Distribution
Percent of People with Each Score
Percentile by Number Answered
Your Score History
You have not taken this quiz